Catalog

Record Details

Catalog Search



Valčík na rozloučenou  Cover Image Book Book

Valčík na rozloučenou / Milan Kundera : román s doslovem Elisabeth Pochody a poznámkou autora

Kundera, Milan, 1929- (Author). Pochoda, Elisabeth (Author of introduction, etc.).

Record details

  • ISBN: 80-7108-136-1
  • Physical Description: 246 s. ; 21 cm
  • Edition: Vyd. 2.
  • Publisher: Brno : Atlantis, 1997
Genre: romány

Available copies

  • 1 of 1 copy available at Common Catalog SPOK.

Holds

  • 0 current holds with 1 total copy.
Show Only Available Copies
Location Call Number / Copy Notes Barcode Shelving Location Status Due Date
KDS Library 810 KuM 204576800552 Library Available -

LDR 00900nam a2200277 a 4500
00120417
003CZ-PrJAB
00520150708070724.0
007tu
008971022s1997 xr e 000 1 cze
015 . ‡acnb000210705
020 . ‡a80-7108-136-1 ‡q(váz.)
035 . ‡a(CZ PrNK)cpk19970210705
035 . ‡a(OCoLC)84932968
040 . ‡aABA001 ‡bcze
072 7. ‡a821.162.3-3 ‡xČeská próza ‡2Konspekt ‡925
080 . ‡a885.0-31 ‡2undef
1001 . ‡aKundera, Milan, ‡d1929- ‡7jk01070894 ‡4aut
24510. ‡aValčík na rozloučenou / ‡cMilan Kundera : román s doslovem Elisabeth Pochody a poznámkou autora
250 . ‡aVyd. 2.
260 . ‡aBrno : ‡bAtlantis, ‡c1997
300 . ‡a246 s. ; ‡c21 cm
655 7. ‡aromány ‡7fd133289 ‡2czenas
7001 . ‡aPochoda, Elisabeth ‡4aui
910 . ‡aABE463
998 . ‡a000210705
901 . ‡a20417 ‡b ‡c20417 ‡tbiblio

Additional Resources